| 000 | 01304nam a2200349 a 4500 | ||
|---|---|---|---|
| 999 |
_c59409 _d59409 |
||
| 003 | BLK | ||
| 005 | 20230808132002.0 | ||
| 008 | 180408b bul|||||r ||||||| ||bul|| | ||
| 010 | _aKNG00063502000 | ||
| 020 | _a954-07-0119-8 | ||
| 040 | _aBLK | ||
| 041 |
_aBUL _cBUL |
||
| 080 |
_aОбща история на философията _b101(091) _x(430) _z101(091)(430) |
||
| 080 |
_aКритицизъм _b165.65 _z165.65 |
||
| 100 | 1 |
_aТорбов, Цеко Николчов _eпърви автор _9364812 |
|
| 139 |
_aТорбов, Цеко Николчов _bТ 75 |
||
| 245 | 1 | 0 |
_aИзследвания върху критическата философия _cЦеко Николчов Торбов. |
| 257 | _aBGR | ||
| 260 |
_aСофия _bУнив. изд. Св. Климент Охридски _c1993 _fПерник : Полиграфия |
||
| 300 |
_a263 с. _c22 см |
||
| 380 | _a1 | ||
| 500 | _aБиблиогр. с. 249-253. | ||
| 650 | 4 |
_aФилософия, немска класическа _9243069 |
|
| 653 | _aфилософия | ||
| 852 |
_aЦб 173383 _bЦб |
||
| 856 | 4 |
_qpdf _i0.00 _ldisable |
|
| 856 | 4 |
_qpdf _i0.00 _ldisable |
|
| 942 |
_cKNG _n0 _s1 _01 |
||
| 944 |
_aCR _c13.06.2004 _k30564 _lГалина Якимова |
||
| 944 |
_aED _c10.05.2013 |
||
| 999 | _d59409 | ||